000 00190 a2200097 4500
020 _a9780399247002
041 _aeng
100 _aRathnann,Peggy
245 _agood Night gorilla
942 _cBK
999 _c31515
_d31513